[Event "IECG CP.2002.Q.00003 email"]
[Site "IECG email"]
[Date "2003.10.01"]
[Round "?"]
[White "Speisser, Patrick"]
[Black "Weegenaar, Bertrand W"]
[Result "1/2-1/2"]
[WhiteElo "2130"]
[BlackElo "2091"]
[PlyCount "68"]
[EventDate "2003.10.01"]
[EventType "tourn (corr)"]
[EventRounds "10"]
[SourceTitle "Corr 2008"]
[Source "ChessBase"]
[SourceDate "2008.06.24"]
[SourceVersion "1"]
[SourceVersionDate "2008.06.24"]
[SourceQuality "1"]

1. e4 e5 2. Nf3 Nc6 3. Nc3 Nf6 4. Bb5 Nd4 5. Nxe5 Qe7 6. Nf3 Nxb5 7. Nxb5 Qxe4+ 8. Qe2 Qxe2+ 9. Kxe2 Nd5 10. c4 a6 11. cxd5 axb5 12. d3 d6 13. Bd2 Be7 14. Rhc1 Kd8 15. Rc2 Re8 16. Be3 Bd7 17. Kd2 h6 18. b4 Ra3 19. Rac1 c6 20. h3 Bf6 21. Bd4 Bxd4 22. Nxd4 cxd5 23. Ra1 Re5 24. Rc3 Rxc3 25. Kxc3 f5 26. f4 Re8 27. Rg1 g5 28. Rf1 gxf4 29. Rxf4 Rg8 30. Rf2 Ke7 31. Nxf5+ Bxf5 32. Rxf5 Rxg2 33. Rxd5 Rg5 34. Rd4 Rh5 1/2-1/2

[Event "IECG CP.2002.Q.00003 email"]
[Site "IECG email"]
[Date "2003.10.01"]
[Round "?"]
[White "Weegenaar, Bertrand W"]
[Black "Anjel, Vlado"]
[Result "0-1"]
[WhiteElo "2091"]
[BlackElo "1686"]
[PlyCount "54"]
[EventDate "2003.10.01"]
[EventType "tourn (corr)"]
[EventRounds "10"]
[SourceTitle "Corr 2008"]
[Source "ChessBase"]
[SourceDate "2008.06.24"]
[SourceVersion "1"]
[SourceVersionDate "2008.06.24"]
[SourceQuality "1"]

1. e4 c5 2. Nf3 Nc6 3. d4 cxd4 4. Nxd4 Nf6 5. Nc3 e5 6. Ndb5 d6 7. Bg5 a6 8. Na3 b5 9. Bxf6 gxf6 10. Nd5 f5 11. exf5 Bxf5 12. c3 Bg7 13. Nc2 0-0 14. Nce3 Be6 15. Bd3 f5 16. 0-0 Ra7 17. a4 Ne7 18. axb5 Nxd5 19. Bxf5 Rxf5 20. Nxf5 Nf4 21. Ne3 a5 22. g3 Nh3+ 23. Kg2 Rf7 24. f3 Ng5 25. Rf2 Qb6 26. Qe2 Bh6 27. Ra4 Qb7 0-1

[Event "IECG CP.2001.Q.00023 email"]
[Site "IECG email"]
[Date "2002.10.01"]
[Round "?"]
[White "Deschamp, Guy"]
[Black "Weegenaar, Bertrand W"]
[Result "1/2-1/2"]
[WhiteElo "2275"]
[BlackElo "2077"]
[PlyCount "36"]
[EventDate "2002.10.01"]
[EventType "tourn (corr)"]
[EventRounds "10"]
[EventCountry "GER"]
[SourceTitle "Corr 2008"]
[Source "ChessBase"]
[SourceDate "2008.06.24"]
[SourceVersion "1"]
[SourceVersionDate "2008.06.24"]
[SourceQuality "1"]

1. e4 e5 2. Nf3 Nc6 3. Bb5 a6 4. Bxc6 dxc6 5. 0-0 Qd6 6. d4 exd4 7. Nxd4 Bd7 8. c3 0-0-0 9. Qf3 Qg6 10. Re1 h5 11. h3 c5 12. Nb3 Re8 13. N1d2 Nf6 14. Na5 Re5 15. Nac4 Re6 16. Na5 Re5 17. Nac4 Re6 18. Na5 Re5 1/2-1/2

[Event "IECG CP.2002.P.00072 email"]
[Site "IECG email"]
[Date "2002.10.01"]
[Round "?"]
[White "Valverde Toresano, Andres"]
[Black "Weegenaar, Bertrand W"]
[Result "0-1"]
[WhiteElo "2192"]
[BlackElo "2077"]
[PlyCount "70"]
[EventDate "2002.10.01"]
[EventType "tourn (corr)"]
[EventRounds "6"]
[EventCountry "USA"]
[SourceTitle "Corr 2008"]
[Source "ChessBase"]
[SourceDate "2008.06.24"]
[SourceVersion "1"]
[SourceVersionDate "2008.06.24"]
[SourceQuality "1"]

1. e4 e5 2. Nf3 Nc6 3. Bc4 Nf6 4. d3 Bc5 5. c3 d6 6. b4 Bb6 7. a4 a5 8. b5 Ne7 9. 0-0 0-0 10. Nbd2 Ng6 11. Bb3 c6 12. bxc6 bxc6 13. Nc4 Bc7 14. Re1 Re8 15. g3 d5 16. Ne3 Rb8 17. Rb1 Ba6 18. Ba2 h6 19. Rxb8 Bxb8 20. exd5 cxd5 21. d4 Qd7 22. Qb3 Bb7 23. Qc2 Rc8 24. Ba3 e4 25. Nd2 Nh7 26. f3 Qh3 27. Bxd5 Bxd5 28. Nxd5 Nh4 29. Re2 Ng5 30. Rf2 Bxg3 31. hxg3 Qxg3+ 32. Kf1 Re8 33. fxe4 Nh3 34. Rf6 gxf6 35. Ke2 Ng2 0-1